000 01622nam a2200205Ia 4500
003 Ost
005 20260507075433.0
008 260507s9999||||xx |||||||||||||| ||und||
040 _cfsecg
041 _aara
082 _a330.121
100 _aحماد، نزيه
_eمؤلف
245 0 _aفي فقه المعاملات المالية والمصرفية المعاصرة /
_c نزيه حماد
260 _aدمشق:
_bدار القلم,
_c2007
300 _a432 صفحة؛
_bإيضاحات ؛
_c25 سم
520 _aيضم المفهوم الاصطلاحي للربا بين دلالات النصوص وتقسيمات الفقهاء، المواطأة على اجراء العقود والمواعدات المعتمدة في صفحة واحدة، قلب الدين: احكامه وبدائله المعاصرة، التورق: حكمه وتطبيقاته المعاصرة ، المعاوضة عن الالتزان بصرف العملات في المستقبل، ضمان الودائع الاستثمارية في البنوك الاسلامية بالشرط، المقاصة بين الفوائد الدائنة والمدينة واختلافها في تبادل القروض، صكوك الاجارة، الهيئات الشرعية في البنوك الاسلامية (معالم، ضوابط، تأجيير العين المشتراة لمن باعها، أدوات الاستمارة في ادارة وتمويل المواقف العامة (صيغ مقترحة للمصارف الاسلامية)
653 _aالبنوك الاسلامية
653 _aالفقه الاسلامي
942 _cكتاب
999 _c44527
_d44527